Dalit women : (Record no. 37964)
[ view plain ]
| 000 -LEADER | |
|---|---|
| fixed length control field | 01903cam a2200229 i 4500 |
| 020 ## - INTERNATIONAL STANDARD BOOK NUMBER | |
| ISBN | 9788131611463 |
| 020 ## - INTERNATIONAL STANDARD BOOK NUMBER | |
| ISBN | 8131611469 |
| 041 ## - LANGUAGE CODE | |
| Language code of text/sound track or separate title | eng. |
| 082 04 - DEWEY DECIMAL CLASSIFICATION NUMBER | |
| Classification number | 305.420954 |
| Item number | SHA-D |
| 100 1# - MAIN ENTRY--AUTHOR NAME | |
| Personal name | Sharma, Sunita |
| Relator term | author. |
| 245 10 - TITLE STATEMENT | |
| Title | Dalit women : |
| Sub Title | from exclusion to integration / |
| Statement of responsibility, etc | Sunita Sharma. |
| 260 ## - PUBLICATION, DISTRIBUTION, ETC. (IMPRINT) | |
| Place of publication | Jaipur : |
| Name of publisher | Rawat Publication, |
| Year of publication | 2022. |
| 300 ## - PHYSICAL DESCRIPTION | |
| Number of Pages | xiv, 240p. |
| 504 ## - BIBLIOGRAPHY, ETC. NOTE | |
| Bibliography, etc | Includes bibliographical references (pages 227-230) and index. |
| 520 ## - SUMMARY, ETC. | |
| Summary, etc | This book is about determining the nature and dynamics of exclusion of dalit women from the social milieu. Within the community too, the women are not a homogenous group, their heterogeneity brings with itself the complexities of the society they live in and deprived further by their own people. Taking dalit feminist standpoint into account the struggle of dalit women, whose cause was taken up by political philosophers in the 19th century and yet they still remain on the periphery. A closer look into this historically excluded group allows us to form an understanding of their integration into the mainstream society primarily through pedagogical method which differentiates them from the upper caste and class.<br/>Despite governmental efforts, the societal attitude remains discriminatory which is one of the greatest challenges in breaking hegemony of the privileged class for parity. An emancipatory possibility can emerge significantly with a gendered viewpoint undertaken in the governmental policies and the consciousness of civil society for providing agency and identity to the most disadvantaged and excluded group. This assimilative process can make the task of integration possible and easier.<br/> |
| 546 ## - LANGUAGE NOTE | |
| Language note | English. |
| 650 #0 - SUBJECT ADDED ENTRY--TOPICAL TERM | |
| Topical Term | Dalit women |
| Geographic subdivision | India |
| General subdivision | Social conditions. |
| 650 #0 - SUBJECT ADDED ENTRY--TOPICAL TERM | |
| Topical Term | Marginality, Social |
| Geographic subdivision | India. |
| 650 #0 - SUBJECT ADDED ENTRY--TOPICAL TERM | |
| Topical Term | Dalit women |
| General subdivision | Education |
| Geographic subdivision | India. |
| 650 #0 - SUBJECT ADDED ENTRY--TOPICAL TERM | |
| Topical Term | Sociologists |
| Geographic subdivision | India. |
| 942 ## - ADDED ENTRY ELEMENTS (KOHA) | |
| Source of classification or shelving scheme | Dewey Decimal Classification |
| Koha item type | Books |
| Withdrawn status | Lost status | Damaged status | Not for loan | Home library | Current library | Date acquired | Source of acquisition | Cost, normal purchase price | Full call number | Accession Number | Cost, replacement price | Price effective from | Koha item type |
|---|---|---|---|---|---|---|---|---|---|---|---|---|---|
| NASSDOC Library | NASSDOC Library | 16/03/2023 | Overseas | 0.00 | 305.420954 SHA-D | 53348 | 0.00 | 17/05/2023 | Books |
